000 00609nam a2200193Ii 4500
003 JO-AjNU
008 230605s9999||||xx |||||||||||||| ||und||
040 _aJO-AjNU
_bara
_erda
_cJO-AjNU
041 _aara
050 1 4 _aPJ6106.D393 1986
100 3 _aتاليف ضيف،شوقي,
_eauthor
_910204
245 0 0 _aتجديد النحو
264 3 1 _aالقاهرة: دار المعارف، 1986
300 _a284ص
336 _atext
_btxt
_2rdacontent
337 _aunmediated
_bn
_2rdamedia
338 _avolume
_bnc
_2rdacarrier
650 4 _aاللغة العربية-تجديد النحو-النحو
_910205
999 _aA1688
_c5256
_d5256